La política agrícola en el anteproyecto de tratado que crea la comunidad económica y social centroamericana

保存先:
書誌詳細
第一著者: Gabuardi Lacayo, Carlos
団体著者: SIECA
フォーマット: テキスト
出版事項: Guatemala: Secretaría Permanente del Tratado General de Integración Centroamericana
タグ: タグ追加
タグなし, このレコードへの初めてのタグを付けませんか!

MARC

LEADER 00000 a a2200000 04500
001 21407
003
040
090 |a 094200  
100 |a Gabuardi Lacayo, Carlos  
110 |a SIECA  
245 |a La política agrícola en el anteproyecto de tratado que crea la comunidad económica y social centroamericana  
260 |a Guatemala:   |b Secretaría Permanente del Tratado General de Integración Centroamericana  
300 |a 28 p.  
999 |c 14454  |d 14454